[Event "DEM U12 2019"]
[Site "Willingen GER"]
[Date "2019.06.13"]
[Round "7"]
[White "Rempe, Jonas"]
[Black "von Mettenheim, Johannes"]
[Result "0-1"]
[Termination "normal"]
[Board "10"]
[WhiteElo "1781"]
[BlackElo "1757"]
[WhiteClock "00:25:38"]
[BlackClock "01:01:51"]
[PlyCount "120"]
[WhiteFideId "16202406"]
[BlackFideId "16244818"]
[EventCountry "GER"]
[EventRounds "9"]
[EventType "swiss"]
[EventDate "2019.06.08"]

1. e4 {[%clk 1:30:58]} 1... c6 {[%clk 1:30:55]} 2. d4 {[%clk 1:31:23]} 2... d5
{[%clk 1:31:21]} 3. Nd2 {[%clk 1:31:49]} 3... dxe4 {[%clk 1:31:46]} 4. Nxe4 {
[%clk 1:32:14]} 4... Bf5 {[%clk 1:32:14]} 5. Ng3 {[%clk 1:32:38]} 5... Bg6 {
[%clk 1:32:42]} 6. h4 {[%clk 1:32:57]} 6... h6 {[%clk 1:33:04]} 7. Nf3 { [%clk
1:33:23]} 7... Nd7 {[%clk 1:33:32]} 8. h5 {[%clk 1:33:47]} 8... Bh7 { [%clk
1:34:00]} 9. Bd3 {[%clk 1:34:10]} 9... Bxd3 {[%clk 1:34:27]} 10. Qxd3 { [%clk
1:34:32]} 10... e6 {[%clk 1:34:52]} 11. Bd2 {[%clk 1:34:54]} 11... Ngf6 { [%clk
1:35:17]} 12. O-O-O {[%clk 1:35:11]} 12... Be7 {[%clk 1:35:41]} 13. Kb1 { [%clk
1:35:29]} 13... O-O {[%clk 1:36:00]} 14. Ne4 {[%clk 1:35:52]} 14... Nxe4 {[%clk
1:36:25]} 15. Qxe4 {[%clk 1:36:15]} 15... Nf6 {[%clk 1:36:53]} 16. Qe2 { [%clk
1:36:08]} 16... Qd5 {[%clk 1:37:14]} 17. Rde1 {[%clk 1:24:22]} 17... Rfd8
{[%clk 1:23:50]} 18. g4 {[%clk 1:00:01]} 18... Nxg4 {[%clk 1:15:00]} 19. Reg1 {
[%clk 0:56:52]} 19... f5 {[%clk 1:10:27]} 20. Nh2 {[%clk 0:54:03]} 20... Nxh2 {
[%clk 1:10:06]} 21. Rxh2 {[%clk 0:53:59]} 21... Kh7 {[%clk 1:08:10]} 22. Qe3 {
[%clk 0:47:02]} 22... Qxd4 {[%clk 0:57:14]} 23. Qxe6 {[%clk 0:47:03]} 23... Qf6
{[%clk 0:57:12]} 24. Qe3 {[%clk 0:46:09]} 24... Bc5 {[%clk 0:53:34]} 25. Qc3 {
[%clk 0:36:17]} 25... Qxc3 {[%clk 0:52:31]} 26. Bxc3 {[%clk 0:36:45]} 26... Bd4
{[%clk 0:52:11]} 27. Rhg2 {[%clk 0:29:32]} 27... Bxc3 {[%clk 0:52:32]} 28. bxc3
{[%clk 0:29:57]} 28... Rd7 {[%clk 0:52:57]} 29. Rg3 {[%clk 0:28:03]} 29... Re8
{[%clk 0:51:33]} 30. Rf3 {[%clk 0:28:10]} 30... Re5 {[%clk 0:51:29]} 31. Rf4 {
[%clk 0:21:55]} 31... Rd6 {[%clk 0:50:19]} 32. Rf3 {[%clk 0:22:02]} 32... g5 {
[%clk 0:50:32]} 33. hxg6+ {[%clk 0:20:03]} 33... Rxg6 {[%clk 0:50:55]} 34. Rd1
{[%clk 0:20:25]} 34... Rb5+ {[%clk 0:43:14]} 35. Kc1 {[%clk 0:20:17]} 35... h5
{[%clk 0:43:27]} 36. Re3 {[%clk 0:20:03]} 36... f4 {[%clk 0:41:27]} 37. Re4 {
[%clk 0:11:46]} 37... Rf5 {[%clk 0:36:41]} 38. Rdd4 {[%clk 0:07:49]} 38... Rgf6
{[%clk 0:36:40]} 39. f3 {[%clk 0:06:40]} 39... Kg6 {[%clk 0:36:29]} 40. Rd2 {
[%clk 0:00:31]} 40... Rd5 {[%clk 0:34:06]} 41. Rxd5 cxd5 42. Re5 { [%clk
0:29:23]} 42... Rf5 {[%clk 1:04:13]} 43. Re7 {[%clk 0:29:31]} 43... h4 { [%clk
1:04:17]} 44. Rxb7 {[%clk 0:28:33]} 44... h3 {[%clk 1:04:37]} 45. Rb1 { [%clk
0:28:54]} 45... h2 {[%clk 1:03:07]} 46. Kd2 {[%clk 0:29:06]} 46... Rg5 { [%clk
1:03:26]} 47. Rh1 {[%clk 0:29:22]} 47... Rg2+ {[%clk 1:03:43]} 48. Kd3 { [%clk
0:28:30]} 48... Kf5 {[%clk 1:04:09]} 49. a4 {[%clk 0:27:38]} 49... Rf2 { [%clk
1:02:40]} 50. Kd4 {[%clk 0:27:39]} 50... Ke6 {[%clk 1:01:37]} 51. c4 { [%clk
0:27:22]} 51... dxc4 {[%clk 1:01:52]} 52. Kxc4 {[%clk 0:27:26]} 52... Rxc2+
{[%clk 1:02:21]} 53. Kd3 {[%clk 0:27:40]} 53... Ra2 {[%clk 1:02:08]} 54. a5
{[%clk 0:27:52]} 54... Kf5 {[%clk 1:02:32]} 55. a6 {[%clk 0:26:53]} 55... Kg5
{[%clk 1:01:29]} 56. Ke4 {[%clk 0:26:54]} 56... Rg2 {[%clk 1:00:56]} 57. Ke5
{[%clk 0:26:02]} 57... Re2+ {[%clk 1:01:20]} 58. Kd6 {[%clk 0:26:10]} 58... Kh4
{[%clk 1:01:48]} 59. Kc7 {[%clk 0:25:42]} 59... Rb2 {[%clk 1:01:33]} 60. Re1
{[%clk 0:25:38]} 60... Kg3 {[%clk 1:01:51]} 0-1

[Event "DEM U12 2019"]
[Site "Willingen GER"]
[Date "2019.06.13"]
[Round "7"]
[White "Bungarten, Jona"]
[Black "Tomasjan, Samuel"]
[Result "1/2-1/2"]
[Termination "normal"]
[Board "11"]
[WhiteElo "1642"]
[BlackElo "1476"]
[WhiteClock "00:56:29"]
[BlackClock "00:31:05"]
[PlyCount "43"]
[WhiteFideId "16223608"]
[BlackFideId "16235584"]
[EventCountry "GER"]
[EventRounds "9"]
[EventType "swiss"]
[EventDate "2019.06.08"]

1. e4 {[%clk 1:30:58]} 1... e6 {[%clk 1:30:52]} 2. d4 {[%clk 1:31:11]} 2... d5
{[%clk 1:31:14]} 3. Nd2 {[%clk 1:31:28]} 3... dxe4 {[%clk 1:31:38]} 4. Nxe4 {
[%clk 1:31:54]} 4... Nd7 {[%clk 1:32:01]} 5. Nf3 {[%clk 1:31:57]} 5... Ngf6 {
[%clk 1:32:26]} 6. Nxf6+ {[%clk 1:32:22]} 6... Nxf6 {[%clk 1:32:48]} 7. Bg5 {
[%clk 1:32:48]} 7... Be7 {[%clk 1:32:43]} 8. Bd3 {[%clk 1:32:54]} 8... Nd7 {
[%clk 1:30:33]} 9. Bxe7 {[%clk 1:32:14]} 9... Qxe7 {[%clk 1:31:01]} 10. Qe2 {
[%clk 1:32:27]} 10... O-O {[%clk 1:16:37]} 11. O-O-O {[%clk 1:29:31]} 11... c5
{[%clk 1:14:32]} 12. h4 12... cxd4 {[%clk 1:11:40]} 13. Bxh7+ {[%clk 1:21:15]}
13... Kxh7 {[%clk 1:12:01]} 14. Ng5+ {[%clk 1:21:36]} 14... Kg8 {[%clk 1:08:00]
} 15. Rxd4 {[%clk 1:18:47]} 15... Nf6 {[%clk 0:54:45]} 16. h5 {[%clk 1:11:33]}
16... Bd7 {[%clk 0:44:12]} 17. h6 {[%clk 1:09:16]} 17... gxh6 {[%clk 0:43:13]}
18. Qe5 {[%clk 1:04:31]} 18... h5 {[%clk 0:30:25]} 19. Qg3 {[%clk 0:55:13]}
19... Kh8 {[%clk 0:30:34]} 20. Qe5 {[%clk 0:55:39]} 20... Kg8 {[%clk 0:30:52]}
21. Qg3 {[%clk 0:56:06]} 21... Kh8 {[%clk 0:31:05]} 22. Qe5 {[%clk 0:56:29]}
1/2-1/2

[Event "DEM U12 2019"]
[Site "Willingen GER"]
[Date "2019.06.13"]
[Round "7"]
[White "Bock, Marlon"]
[Black "Bolz, Jannis"]
[Result "1-0"]
[Termination "normal"]
[Board "16"]
[WhiteElo "1596"]
[BlackElo "1618"]
[PlyCount "97"]
[WhiteFideId "16244931"]
[BlackFideId "16214897"]
[EventCountry "GER"]
[EventRounds "9"]
[EventType "swiss"]
[EventDate "2019.06.08"]

1. e4 e5 2. Nf3 Nc6 3. d4 exd4 4. Nxd4 Bc5 5. Be3 Qf6 6. Nb5 Bxe3 7. fxe3 Qd8
8. Qg4 g6 9. Qf4 d6 10. Bc4 Be6 11. Bxe6 fxe6 12. O-O Nge7 13. Nd2 Kd7 14. Nc4
a6 15. Nd4 Qg8 16. Qg4 h5 17. Qg5 Rf8 18. Rf6 Rxf6 19. Qxf6 Nd8 20. b3 g5 21.
Nf3 g4 22. Ng5 h4 23. Rd1 Rh5 24. Ne5+ Ke8 25. Nxg4 Rxg5 26. h3 Qg7 27. Qf4 e5
28. Qf2 Kd7 29. Qxh4 Kc8 30. Rf1 Ng8 31. Kh1 Qe7 32. Qe1 Qh7 33. Nf2 Nf6 34.
Qb4 Nh5 35. Kh2 Ng3 36. Rg1 Ne2 37. Re1 Qg7 38. g4 Nf4 39. exf4 exf4 40. Qd2
Qe5 41. Nd3 Qh8 42. Qxf4 Ne6 43. Qg3 Nd4 44. Qg2 Rg8 45. Rf1 Rf8 46. Rxf8+ Qxf8
47. Qf2 Qe7 48. Qxd4 Qg5 49. Qf2 1-0

[Event "DEM U12 2019"]
[Site "Willingen GER"]
[Date "2019.06.13"]
[Round "7"]
[White "Honstein, Michael"]
[Black "Heinrich, John"]
[Result "0-1"]
[Termination "normal"]
[Board "17"]
[WhiteElo "1378"]
[BlackElo "1695"]
[PlyCount "98"]
[WhiteFideId "16287053"]
[BlackFideId "16259491"]
[EventCountry "GER"]
[EventRounds "9"]
[EventType "swiss"]
[EventDate "2019.06.08"]

1. e4 c5 2. Nf3 Nc6 3. d4 cxd4 4. Nxd4 e6 5. Nc3 Qc7 6. Ndb5 Qb8 7. Be3 a6 8.
Nd4 Nf6 9. a3 Be7 10. Be2 Qc7 11. O-O O-O 12. f4 d6 13. Nxc6 Qxc6 14. Bd3 Qc7
15. Qf3 b5 16. Qh3 g6 17. Rf3 Bd7 18. Rg3 Kh8 19. Qh6 Ng8 20. Qh3 Bf6 21. Bd2
Ne7 22. Rf1 Rab8 23. f5 exf5 24. exf5 Bxf5 25. Bxf5 Nxf5 26. Rxf5 gxf5 27. Qxf5
Qc5+ 28. Qxc5 dxc5 29. Bg5 Bxg5 30. Rxg5 c4 31. Nd5 f6 32. Rf5 Rbd8 33. Rh5 Kg7
34. Kf2 Rf7 35. Kg3 Rfd7 36. Nf4 Re8 37. Kg4 Rd2 38. Rf5 Rxc2 39. Nh5+ Kh8 40.
Nxf6 Rf8 41. g3 Rxb2 42. Kg5 Rxh2 43. Rd5 Rc8 44. Rd7 Rh1 45. Ng4 c3 46. Ne5 c2
47. Nf7+ Kg8 48. Nh6+ Rxh6 49. Kxh6 c1=Q+ 0-1

[Event "DEM U12 2019"]
[Site "Willingen GER"]
[Date "2019.06.13"]
[Round "7"]
[White "Hänselmann, Hendrik"]
[Black "Hagenbeck-Hübert, Jan"]
[Result "1-0"]
[Termination "normal"]
[Board "18"]
[WhiteElo "1819"]
[BlackElo "1574"]
[PlyCount "97"]
[WhiteFideId "16232755"]
[BlackFideId "16259505"]
[EventCountry "GER"]
[EventRounds "9"]
[EventType "swiss"]
[EventDate "2019.06.08"]

1. e4 e5 2. Nf3 Nc6 3. Nc3 Nf6 4. a3 a6 5. d4 exd4 6. Nxd4 Ne7 7. e5 Nfd5 8.
Nxd5 Nxd5 9. Qf3 Nb6 10. Bd3 d6 11. exd6 Bxd6 12. Be3 Qe7 13. Qe4 Qxe4 14. Bxe4
Nc4 15. O-O-O Bg4 16. Rde1 Nxe3 17. fxe3 O-O-O 18. h3 Bd7 19. Rhf1 f6 20. Nf5
Bf8 21. Rd1 g6 22. Nd4 f5 23. Bf3 Bh6 24. Rfe1 Rhe8 25. Rd3 Re7 26. c4 Be8 27.
Kc2 Bf7 28. Kc3 Bg7 29. b4 Red7 30. c5 f4 31. Bg4 fxe3 32. Rexe3 Kb8 33. Bxd7
Rxd7 34. Re1 b5 35. cxb6 cxb6 36. Red1 Rc7+ 37. Kb2 g5 38. a4 Rc4 39. Ka3 Bg6
40. R3d2 Rc3+ 41. Nb3 Bc2 42. Rd8+ Kc7 43. R1d7+ Kc6 44. Rd6+ Kc7 45. R8d7+ Kc8
46. Rxg7 Rxb3+ 47. Ka2 Rc3 48. Rf6 Rd3 49. Rc6+ 1-0

[Event "DEM U12 2019"]
[Site "Willingen GER"]
[Date "2019.06.13"]
[Round "7"]
[White "Ensslinger, Colin"]
[Black "Duong, Quang Bach"]
[Result "0-1"]
[Termination "normal"]
[Board "19"]
[WhiteElo "1690"]
[BlackElo "1647"]
[PlyCount "124"]
[WhiteFideId "16226011"]
[BlackFideId "16287045"]
[EventCountry "GER"]
[EventRounds "9"]
[EventType "swiss"]
[EventDate "2019.06.08"]

1. c4 Nf6 2. g3 g6 3. Bg2 Bg7 4. Nf3 O-O 5. O-O c5 6. Nc3 Nc6 7. a3 d6 8. Rb1
a5 9. d3 Bd7 10. e4 Rb8 11. Nh4 Nd4 12. f4 b5 13. f5 bxc4 14. dxc4 Qc8 15. g4
Qa6 16. g5 Ne8 17. Nd5 Nc6 18. f6 exf6 19. gxf6 Qxc4 20. fxg7 Kxg7 21. Bd2 Be6
22. Bc3+ f6 23. b3 Qa6 24. Nf4 Bd7 25. Qf3 Qa7 26. Kh1 Rf7 27. Qg3 Ne5 28. Bxe5
dxe5 29. Nfxg6 hxg6 30. Qxg6+ Kf8 31. Qh6+ Ke7 32. Ng6+ Kd8 33. Nxe5 Re7 34.
Ng6 Re6 35. Rfd1 a4 36. Bh3 Rd6 37. Rxd6 Nxd6 38. Bxd7 Qxd7 39. Qh8+ Kc7 40.
Qxf6 axb3 41. Ne7 Rb5 42. a4 Rb7 43. Nd5+ Kb8 44. Qe5 Ka7 45. Nc3 Qc6 46. h4
Rb4 47. Kg1 Nxe4 48. Qe7+ Ka6 49. Nxe4 Rxe4 50. Qg5 Qxa4 51. Qxc5 Rg4+ 52. Kf1
Qf4+ 53. Qf2 Qc4+ 54. Qe2 Rf4+ 55. Ke1 Re4 56. Rb2 Rxe2+ 57. Rxe2 b2 58. Rxb2
Qc1+ 59. Kf2 Qxb2+ 60. Kg3 Qg7+ 61. Kh3 Qh6 62. Kg4 Kb5 0-1

[Event "DEM U12 2019"]
[Site "Willingen GER"]
[Date "2019.06.13"]
[Round "7"]
[White "Winkler, Yonathan"]
[Black "Möller, Maurin"]
[Result "1-0"]
[Termination "normal"]
[Board "20"]
[WhiteElo "1536"]
[BlackElo "1686"]
[PlyCount "151"]
[WhiteFideId "16266080"]
[BlackFideId "16265696"]
[EventCountry "GER"]
[EventRounds "9"]
[EventType "swiss"]
[EventDate "2019.06.08"]

1. e4 e5 2. d4 exd4 3. Nf3 d5 4. Qxd4 Ne7 5. Nc3 dxe4 6. Qxd8+ Kxd8 7. Nxe4 f6
8. Bf4 Ng6 9. O-O-O+ Nd7 10. Bg3 Be7 11. Nd4 Ngf8 12. Bc4 c6 13. Rhe1 g6 14. a3
a6 15. Bb3 c5 16. Nf3 h5 17. h4 Rh7 18. Bf4 a5 19. Nc3 Ra6 20. Nb5 Rc6 21. Bd5
Ra6 22. Bc7+ Ke8 23. Nd6+ Rxd6 24. Bxd6 b6 25. Re3 Kd8 26. Bxe7+ Rxe7 27. Rxe7
Kxe7 28. Re1+ Kd6 29. Bb3 Bb7 30. Rd1+ Ke7 31. Bd5 Ba6 32. Nd2 f5 33. Nc4 a4
34. Re1+ Kd8 35. Ne5 Nxe5 36. Rxe5 Bb5 37. Bf7 Bc6 38. g3 Bd7 39. Kd2 Kc7 40.
Re1 Kd8 41. Kc3 Bb5 42. Kd2 Bd7 43. Re3 Bc6 44. Ke2 Bb5+ 45. Kf3 Bc6+ 46. Kf4
Be4 47. Rxe4 fxe4 48. Kxe4 Ke7 49. Bc4 Nd7 50. Bb5 Nf6+ 51. Kf3 Kd6 52. Bxa4
Ke5 53. c3 Ne4 54. Bb5 Nd6 55. Bd3 Kf6 56. b3 Nc8 57. b4 cxb4 58. cxb4 Nd6 59.
a4 Nb7 60. Ke4 Ke6 61. Kd4 Kf6 62. Kd5 Kf7 63. Kc6 Nd8+ 64. Kxb6 Kf6 65. a5 Nf7
66. a6 Nd6 67. Kc7 Ke7 68. a7 Nb5+ 69. Bxb5 g5 70. a8=Q gxh4 71. gxh4 Kf6 72.
Qe4 Kg7 73. Qf5 Kh6 74. Qg5+ Kh7 75. Bc4 Kh8 76. Qh6# 1-0

[Event "DEM U12 2019"]
[Site "Willingen GER"]
[Date "2019.06.13"]
[Round "7"]
[White "Fuhrmann, Bahne"]
[Black "Morczynski, Joachim"]
[Result "1/2-1/2"]
[Termination "normal"]
[Board "21"]
[WhiteElo "1659"]
[BlackElo "1733"]
[PlyCount "104"]
[WhiteFideId "16244842"]
[BlackFideId "16209745"]
[EventCountry "GER"]
[EventRounds "9"]
[EventType "swiss"]
[EventDate "2019.06.08"]

1. Nf3 Nf6 2. c4 g6 3. Nc3 Bg7 4. d4 O-O 5. g3 d6 6. Bg2 c5 7. O-O Nbd7 8. Rb1
Qc7 9. b3 a6 10. Bb2 Rb8 11. Qd3 cxd4 12. Nxd4 Ne5 13. Qd2 Nc6 14. e3 Nxd4 15.
exd4 Bf5 16. Rbe1 b5 17. Nd5 Nxd5 18. Bxd5 Bh3 19. cxb5 Bxf1 20. Rxf1 axb5 21.
a4 bxa4 22. bxa4 Qb6 23. Bc3 e6 24. Bc4 Rfc8 25. Bb5 Ra8 26. Qd3 Ra7 27. Rb1
Qc7 28. Rc1 Rca8 29. Bd2 Qe7 30. d5 h6 31. Bc6 Rxa4 32. Bxa4 Rxa4 33. Rc6 exd5
34. Qxd5 Rd4 35. Qa2 Qe4 36. Rc8+ Bf8 37. Rc1 Qe2 38. Rc7 Qe6 39. Qb2 Qd5 40.
Rc2 Kh7 41. Qa2 Bg7 42. Qxd5 Rxd5 43. Bb4 Rd3 44. Rc6 d5 45. Rc7 Rf3 46. Kg2
Rf5 47. f3 h5 48. h3 Bb2 49. g4 hxg4 50. hxg4 Rf6 51. Rd7 d4 52. Bc5 Kg7
1/2-1/2

[Event "DEM U12 2019"]
[Site "Willingen GER"]
[Date "2019.06.13"]
[Round "7"]
[White "Hoffmann, Kay"]
[Black "Hoppstädter, Daniel"]
[Result "1-0"]
[Termination "normal"]
[Board "22"]
[WhiteElo "1433"]
[BlackElo "1576"]
[PlyCount "111"]
[WhiteFideId "16227000"]
[BlackFideId "16243625"]
[EventCountry "GER"]
[EventRounds "9"]
[EventType "swiss"]
[EventDate "2019.06.08"]

1. e4 c5 2. Nc3 d6 3. Nge2 g6 4. d4 cxd4 5. Nxd4 Bd7 6. Be3 Nf6 7. Be2 Nc6 8.
Nb3 Bg7 9. O-O O-O 10. Rb1 Rc8 11. Qd2 Ne5 12. f3 Nc4 13. Bxc4 Rxc4 14. Qe2 Rc8
15. Rfd1 Ne8 16. Bd4 Bxd4+ 17. Nxd4 Qb6 18. Nd5 Qd8 19. c3 e6 20. Ne3 e5 21.
Ndc2 Qb6 22. Qf2 Ba4 23. b3 Bc6 24. Nc4 Qxf2+ 25. Kxf2 f5 26. exf5 Rxf5 27.
Nxd6 Nxd6 28. Rxd6 Be4 29. Rb2 Rxc3 30. Ne3 Rf7 31. Ke2 Bc6 32. Kd2 Rc5 33. b4
Rb5 34. a4 Rb6 35. Nc4 Ra6 36. b5 Bxb5 37. Rd8+ Kg7 38. axb5 Re6 39. Ke3 Rc7
40. b6 axb6 41. Rxb6 Rxb6 42. Nxb6 Rc2 43. Rd2 Rc6 44. Nd7 g5 45. Ke4 h5 46.
Kxe5 Kg6 47. Rd6+ Rxd6 48. Kxd6 Kf5 49. g3 h4 50. Kd5 hxg3 51. hxg3 b5 52. Kc5
g4 53. f4 Ke4 54. Nf6+ Kf3 55. Nxg4 Kxg3 56. f5 1-0

[Event "DEM U12 2019"]
[Site "Willingen GER"]
[Date "2019.06.13"]
[Round "7"]
[White "Andrade, Ruben"]
[Black "Krüger, Arthur"]
[Result "0-1"]
[Termination "normal"]
[Board "23"]
[WhiteElo "1480"]
[BlackElo "1613"]
[PlyCount "66"]
[WhiteFideId "16246829"]
[BlackFideId "16244966"]
[EventCountry "GER"]
[EventRounds "9"]
[EventType "swiss"]
[EventDate "2019.06.08"]

1. e4 c5 2. c4 Nc6 3. Nc3 g6 4. g3 Bg7 5. Bg2 d6 6. Nge2 e6 7. d3 Nge7 8. O-O
O-O 9. Rb1 b6 10. a3 Bb7 11. b4 Nd4 12. Nxd4 cxd4 13. Ne2 e5 14. Bd2 f5 15. f4
fxe4 16. dxe4 Rc8 17. Qb3 Kh8 18. Rbc1 Qd7 19. a4 Nc6 20. a5 bxa5 21. bxa5 Nd8
22. Rc2 Ne6 23. Bb4 Nc5 24. Bxc5 Rxc5 25. Ra2 Qc7 26. Rc1 Ba6 27. Rac2 Rxa5 28.
Qd3 Rc5 29. Ra2 Bxc4 30. Qd2 Bxa2 31. Rxc5 Qxc5 32. Qxa2 d3+ 33. Kf1 dxe2+ 0-1

[Event "DEM U12 2019"]
[Site "Willingen GER"]
[Date "2019.06.13"]
[Round "7"]
[White "Brunner, Alexander"]
[Black "Kageler, Anton Paul"]
[Result "0-1"]
[Termination "normal"]
[Board "24"]
[WhiteElo "1539"]
[BlackElo "1563"]
[PlyCount "30"]
[WhiteFideId "12965278"]
[BlackFideId "16244850"]
[EventCountry "GER"]
[EventRounds "9"]
[EventType "swiss"]
[EventDate "2019.06.08"]

1. d4 Nf6 2. Nc3 d5 3. Bf4 c5 4. e3 cxd4 5. Nb5 Qa5+ 6. c3 dxc3 7. b4 Qxb4 8.
Nc7+ Kd8 9. Nxa8 c2+ 10. Qd2 e5 11. Bxe5 Ne4 12. Qxb4 Bxb4+ 13. Ke2 Nc6 14. Nf3
b6 15. Bf4 Ba6# 0-1

[Event "DEM U12 2019"]
[Site "Willingen GER"]
[Date "2019.06.13"]
[Round "7"]
[White "Phan Trong, Dai"]
[Black "Schreidl, Michael"]
[Result "1/2-1/2"]
[Termination "normal"]
[Board "25"]
[WhiteElo "1657"]
[BlackElo "1586"]
[PlyCount "128"]
[WhiteFideId "16236939"]
[BlackFideId "16265750"]
[EventCountry "GER"]
[EventRounds "9"]
[EventType "swiss"]
[EventDate "2019.06.08"]

1. c4 c5 2. g3 g6 3. Bg2 Bg7 4. Nc3 Nc6 5. Nf3 e6 6. O-O Nge7 7. d3 O-O 8. Rb1
b6 9. Qd2 Bb7 10. b3 d6 11. Bb2 Qd7 12. Ne4 Nd4 13. e3 Nxf3+ 14. Bxf3 e5 15.
Bg2 f5 16. Nc3 Bxg2 17. Kxg2 f4 18. e4 f3+ 19. Kh1 Qh3 20. Rg1 Rf6 21. Qe1 g5
22. Qf1 Qh5 23. g4 Qh4 24. Rg3 Rh6 25. h3 Rf8 26. Kg1 Ng6 27. Nd5 Kh8 28. Ne3
Ne7 29. Nf5 Nxf5 30. exf5 Rhf6 31. Rxf3 h5 32. Qg2 Rh6 33. Rg3 hxg4 34. hxg4
Kh7 35. f3 Rh8 36. Kf2 Qh2 37. Ke3 Kg8 38. Ke4 Kf7 39. Re1 Ke7 40. Kd5 Kd7 41.
a3 a5 42. Bc1 Bf6 43. Rg1 Re8 44. Re1 Rh7 45. Bb2 Bd8 46. Bc3 Qh6 47. Ke4 Qh2
48. Re2 Qh1 49. Qg1 Reh8 50. Rgg2 Rh3 51. Re1 Qxg1 52. Rexg1 Rh2 53. b4 cxb4
54. axb4 a4 55. c5 bxc5 56. bxc5 Bf6 57. Kd5 dxc5 58. Bxe5 Bxe5 59. Kxe5 R2h6
60. Rd2 Re8+ 61. Kd5 Rd6+ 62. Kc4 Rb8 63. Ra1 Rb4+ 64. Kxc5 Rbd4 1/2-1/2

[Event "DEM U12 2019"]
[Site "Willingen GER"]
[Date "2019.06.13"]
[Round "7"]
[White "Wessel, Daniel"]
[Black "Gerdes, Jannes"]
[Result "0-1"]
[Termination "normal"]
[Board "26"]
[WhiteElo "1501"]
[BlackElo "1517"]
[PlyCount "52"]
[WhiteFideId "16244982"]
[BlackFideId "16254627"]
[EventCountry "GER"]
[EventRounds "9"]
[EventType "swiss"]
[EventDate "2019.06.08"]

1. d4 Nf6 2. c4 c5 3. d5 d6 4. Nc3 g6 5. b3 Bg7 6. Bb2 Qa5 7. Rc1 Ne4 8. Qc2
Bf5 9. Ba1 Nxf2 10. Qd2 Nxh1 11. e4 Bg4 12. Be2 h5 13. Nf3 Bxf3 14. Bxf3 Bd4
15. Nb5 Qxd2+ 16. Kxd2 Bxa1 17. Rxa1 Nf2 18. h3 g5 19. Ke2 g4 20. hxg4 hxg4 21.
Kxf2 gxf3 22. Nc7+ Kd7 23. Nxa8 fxg2 24. Kxg2 Na6 25. Nb6+ axb6 26. a3 Nc7 0-1

[Event "DEM U12 2019"]
[Site "Willingen GER"]
[Date "2019.06.13"]
[Round "7"]
[White "Fink, Moritz"]
[Black "Pfeffer, Samuel"]
[Result "1-0"]
[Termination "normal"]
[Board "27"]
[WhiteElo "1392"]
[BlackElo "1333"]
[PlyCount "29"]
[WhiteFideId "16235711"]
[BlackFideId "16249160"]
[EventCountry "GER"]
[EventRounds "9"]
[EventType "swiss"]
[EventDate "2019.06.08"]

1. e4 c5 2. Nf3 d6 3. d4 cxd4 4. Nxd4 Nf6 5. Nc3 a6 6. g3 e6 7. Bg2 Nbd7 8. h3
Be7 9. Be3 O-O 10. O-O Qc7 11. f4 Rb8 12. Qd2 b5 13. e5 Nd5 14. Nxd5 dxe5 15.
Nxc7 1-0

[Event "DEM U12 2019"]
[Site "Willingen GER"]
[Date "2019.06.13"]
[Round "7"]
[White "Krömer, Emanuel"]
[Black "Janssen, Joris Frederik"]
[Result "1-0"]
[Termination "normal"]
[Board "28"]
[WhiteElo "1466"]
[BlackElo "1274"]
[PlyCount "69"]
[WhiteFideId "16287070"]
[BlackFideId "16287061"]
[EventCountry "GER"]
[EventRounds "9"]
[EventType "swiss"]
[EventDate "2019.06.08"]

1. b3 Nf6 2. Bb2 g6 3. g4 Bg7 4. g5 Nh5 5. Bxg7 Nxg7 6. c4 O-O 7. Nc3 e5 8. h4
Nc6 9. Bg2 d6 10. e3 f6 11. Ne4 fxg5 12. Nxg5 Kh8 13. Bd5 Qe7 14. Qb1 Be6 15.
N1f3 Qf6 16. h5 Rae8 17. hxg6 h5 18. Bxe6 Nd8 19. Bd5 c6 20. Be4 Nde6 21. Nh7
Qe7 22. Nxf8 Rxf8 23. Qc2 Qd7 24. O-O-O Rc8 25. Kb1 Qc7 26. Rc1 Qb8 27. Bf5 b5
28. cxb5 Qxb5 29. Bxe6 Nxe6 30. Rxh5+ Kg7 31. Qf5 Rc7 32. Rh7+ Kg8 33. Qxe6+
Kf8 34. Qf6+ Ke8 35. Qh8# 1-0

[Event "DEM U12 2019"]
[Site "Willingen GER"]
[Date "2019.06.13"]
[Round "7"]
[White "Langen, Sebastian"]
[Black "Werner, Florin"]
[Result "1/2-1/2"]
[Termination "normal"]
[Board "29"]
[WhiteElo "1167"]
[BlackElo "1288"]
[PlyCount "83"]
[WhiteFideId "16287088"]
[BlackFideId "16250230"]
[EventCountry "GER"]
[EventRounds "9"]
[EventType "swiss"]
[EventDate "2019.06.08"]

1. e4 e6 2. d4 d5 3. exd5 exd5 4. Nf3 Bd6 5. Nc3 Ne7 6. Bd3 Nbc6 7. O-O Bg4 8.
Be2 f6 9. Re1 Qd7 10. Bd2 O-O-O 11. a3 Be6 12. b4 g5 13. b5 Na5 14. Nxd5 Nxd5
15. Bxa5 h5 16. c4 Nf4 17. Bf1 h4 18. c5 Be7 19. Qc1 g4 20. c6 Qd6 21. cxb7+
Kxb7 22. Nd2 g3 23. Ne4 gxf2+ 24. Nxf2 h3 25. g3 Ng2 26. Re2 Rdg8 27. Rxe6 Qxe6
28. Bc4 Qd6 29. Bxg8 Rxg8 30. Nxh3 Nh4 31. Kf1 Nf3 32. Kg2 Nxh2 33. Nf4 Ng4 34.
d5 Nh6 35. Qc6+ Kb8 36. Rc1 Rxg3+ 37. Kxg3 Qxa3+ 38. Bc3 Qxc1 39. Qe8+ Kb7 40.
Qc6+ Kb8 41. Qe8+ Kb7 42. Qc6+ 1/2-1/2